Il Gattopardo

Salvato in:
Dettagli Bibliografici
Autore principale: Giuseppe Tomasi Di Lampedusa
Natura: Libro
Lingua:lingua imprecisata
Pubblicazione: Feltrinelli
Tags: Aggiungi Tag
Nessun Tag, puoi essere il primo ad aggiungerne!!

MARC

LEADER 00000nam a2200000Ia 4500
001 R-2073
003 CODICE-MESSINA
005 20260212102526.0
008 260211s9999 xx 000 0 und d
040 |c importazione_messina 
100 |a Giuseppe Tomasi Di Lampedusa 
245 0 |a Il Gattopardo 
260 |b Feltrinelli 
942 |2 ddc  |c BK 
952 |0 0  |1 0  |2 ddc  |4 0  |6 SCAFFALE_15_000000000000000__STANZA_3__LETTERATURA  |7 0  |9 32914  |a ME  |b ME  |d 2026-02-11  |l 0  |o SCAFFALE 15 - STANZA 3 - LETTERATURA  |p R-2073  |r 2026-02-11 23:53:28  |w 2026-02-11  |x [REVISIONARE]  |y BK 
999 |c 28581  |d 28581